[Event "USA-chT Amateur East"]
[Site "Parsippany"]
[Date "2013.02.16"]
[Round "2"]
[White "Aung, Kyaw Lwin"]
[Black "Busygin, Stanislav"]
[Result "1/2-1/2"]
[WhiteElo "2015"]
[BlackElo "2147"]
[PlyCount "117"]
[EventDate "2013.02.16"]
[EventType "team-swiss"]
[EventRounds "6"]
[EventCountry "USA"]
[SourceTitle "CBM 153 Extra"]
[Source "ChessBase"]
[SourceDate "2013.04.22"]
[SourceVersion "1"]
[SourceVersionDate "2013.04.22"]
[SourceQuality "1"]
[WhiteTeam "Grand Mackerels"]
[BlackTeam "Winners of the Exchange"]
[WhiteTeamCountry "USA"]
[BlackTeamCountry "USA"]

1. e4 c5 2. Nf3 d6 3. d4 cxd4 4. Qxd4 Bd7 5. Bg5 Nc6 6. Qd2 h6 7. Bh4 g5 8. Bg3 Bg7 9. c4 Nf6 10. Nc3 Nh5 11. Rc1 g4 12. Ng1 Qa5 13. Bd3 Bf6 14. Nd5 Qxd2+ 15. Kxd2 Bg5+ 16. Ne3 Nf4 17. Bxf4 Bxf4 18. Ne2 Bg5 19. h4 gxh3 20. gxh3 h5 21. f4 Bh6 22. Nf5 Bxf5 23. exf5 0-0-0 24. Ke3 e5 25. fxe6 fxe6 26. Rcf1 Rhf8 27. Rhg1 Ne5 28. Ke4 Nxd3 29. Kxd3 Rf6 30. Ng3 Rxf4 31. Rxf4 Bxf4 32. Nxh5 Be5 33. b3 Rf8 34. Ke3 Kd7 35. Ng3 Rh8 36. Ne2 Rxh3+ 37. Ke4 Rh2 38. Kd3 a5 39. Rg8 Rh8 40. Rxh8 Bxh8 41. Nf4 Be5 42. Ng6 Bh2 43. Nh4 d5 44. cxd5 exd5 45. Nf3 Bg3 46. Nd4 Be5 47. Nc2 Kc6 48. a4 Kc5 49. Ke3 Bb2 50. Kd3 Bc1 51. Kc3 Bg5 52. Kd3 Bf6 53. Ke3 d4+ 54. Ke4 Bg7 55. Kd3 b6 56. Ke4 Bf6 57. Kd3 Kd5 58. Na1 Be7 59. Nc2 1/2-1/2